| 000 | 01055 a2200265 4500 | ||
|---|---|---|---|
| 005 | 20140911130654.0 | ||
| 008 | 140911s2014 ck d gr|||| 00| 0 spa d | ||
| 020 | _a9789586884167 | ||
| 040 |
_aCO-BoUCM _bspa _cJose A. Gerena _dJose A. Gerena |
||
| 041 | 0 | _aspa | |
| 100 | 1 |
_aGrasa Hernández, Rafael _964477 |
|
| 245 | 1 | 0 |
_aGuía para trabajar en la construcción de la paz _bQué es y qué supone la construcción de la paz _cCamara de Comercio de Bogotá, Instituto catalán internacional |
| 260 |
_c2014 _aBogotá (Colombia) _bCamara de comercio de Bogotá |
||
| 300 |
_a66 páginas _bcuadros, gráficos |
||
| 650 | 7 |
_921202 _aPaz |
|
| 650 | 7 |
_922403 _aProcesos de paz |
|
| 650 | 7 |
_922403 _aProcesos de paz _xAspectos jurídicos |
|
| 650 | 7 |
_924842 _aSolución de conflictos |
|
| 690 |
_942914 _aSociología |
||
| 700 | 1 |
_aMateos, Oscar _964476 |
|
| 710 | 2 |
_aCamara de Comercio de Bogotá _93338 |
|
| 710 | 2 |
_aInstituto catalán internacional _964478 |
|
| 942 |
_2DEWEY _a5 _cLIBRO _e1 _h303.66 _mG767g |
||
| 999 |
_c296746 _d296746 |
||